| 000 | 01502nam0a22002771 4500 | ||
|---|---|---|---|
| 001 | v19\rc\1206706 | ||
| 005 | 20070111172020.9 | ||
| 035 | _a(NLR Aleph) 005190972 | ||
| 090 |
_a5212312 _c5212312 |
||
| 100 | _a20060306e19141914|||y0rusy50 ca | ||
| 101 | 0 | _arus | |
| 102 | _aRU | ||
| 105 | _aa z ||||| | ||
| 200 | 1 |
_aРазмышление о смерти _fСмиренный Дмитрий, митрополит Ростовский и Ярославский, написах сие в некую окаянства моего пользу |
|
| 210 |
_a[Киев] _cтип. Киево-Печерск. Успенск. лавры _dценз. 1914 |
||
| 215 |
_a1 л. _cил. |
||
| 311 | _aИз соч. св. Димитрия митрополита, ростовск. чудотворца, 1 част. | ||
| 488 | 0 |
_12001#$aСочинения святого Димитрия митрополита, ростовского чудотворца$eЧ. 1 _1700#0$33262$aДимитрий Ростовский$cТуптало, Даниил Саввич, митрополит$f1651-1709 |
|
| 700 | 0 |
_aДимитрий Ростовский _cТуптало, Даниил Саввич, митрополит _f1651-1709 _3RU\NLR\AUTH\773262 _7ca |
|
| 790 | 1 |
_6z01700 _aТуптало _bД. С. _f1651-1709 _gДаниил Саввич |
|
| 801 | 0 |
_aRU _bNLR _c20060306 _gpsbo |
|
| 801 | 1 |
_aRU _bProSoft-M _c20060306 _2rusmarc |
|
| 801 | 2 |
_aRU _bNLR _c20061210 _2rusmarc |
|
| 852 |
_aNLR _j37.56.1.141 |
||
| 942 | _cBOOK | ||
| 980 | _aNB | ||